00318pam a2200121 a 4500020000500000041000500005082002800010100001600038245006700054260004600121300001100167700001800178 c h a658.39999999999998bSIN aSinha, G.P. aIndustrial Relations And Labour LegislationhTextual Documents aMumbaibOxford And Ibh Publishing Company a773/CB aSinha, P.R.N.